|
|
|
|
| LEADER |
01529nam a2200325 a 4500 |
| 001 |
18244 |
| 003 |
BD-DhAAL |
| 005 |
20250129123554.0 |
| 008 |
091112s1995 dcua i000 0 eng d |
| 010 |
|
|
|a \\\94032838
|
| 020 |
|
|
|a 0821329693
|
| 020 |
|
|
|a 9840512749
|
| 040 |
|
|
|a DLC
|c DLC
|d DLC
|d BD-DhAAL
|
| 082 |
0 |
0 |
|a 658.15/92/095492
|2 20
|
| 245 |
0 |
0 |
|a Small firms informally financed :
|b studies from Bangladesh /
|c edited by Reazul Islam, J.D. Von Pischke, J.M. de Waard.
|
| 260 |
|
|
|a Washington, D.C. :
|b World Bank,
|c c1995.
|
| 300 |
|
|
|a xvi, 238 pages :
|b illustrations ;
|c 24 cm
|
| 490 |
0 |
|
|a World Bank discussion papers,
|x 0259-210X ;
|v 253
|
| 526 |
|
|
|x Syed M. Hashemi
Director, BDI.
Course name and no. N/A
|
| 541 |
1 |
|
|a The university press
|e 00008298, 18244
|
| 650 |
|
0 |
|a Small business
|z Bangladesh
|x Finance.
|9 54581
|
| 650 |
|
0 |
|a Finance.
|
| 700 |
1 |
|
|a Islam, Reazul,
|d 1949-
|9 54582
|
| 700 |
1 |
|
|a Von Pischke, J. D.
|9 54583
|
| 700 |
1 |
|
|a Waard, J. M. de.
|9 54584
|
| 852 |
4 |
|
|a Ayesha Abed Library
|j General shelf
|
| 942 |
|
|
|2 ddc
|c BK
|
| 999 |
|
|
|c 5449
|d 5449
|
| 952 |
|
|
|0 0
|1 0
|2 ddc
|4 0
|6 658_159209549200000_SMA_1995
|7 0
|9 5315
|a BRACUL
|b BRACUL
|c GEN
|d 2009-11-12
|g 350.00
|l 0
|o 658.1592095492 SMA
|p 3010008298
|r 2009-11-12
|t 1
|v 700.00
|w 2009-11-12
|y BK
|
| 952 |
|
|
|0 0
|1 0
|2 ddc
|4 0
|6 658_159209549200000_SMA
|7 0
|9 73768
|a BIGD
|b BIGD
|c GEN
|d 2023-06-11
|e University press
|g 350.00
|l 0
|o 658.1592095492 SMA
|p 3050018244
|r 2023-06-11
|t 2
|w 2023-06-11
|y BK
|x Transfer from BDI to BIGD. Requisitioned by Syed M. Hashemi Director, BDI. Course name and no. N/A
|